000 00824cab a2200277 4500
001 WB3434-26
008 090401t1998 xxu||||| |||| 00| 0 eng d
035 _a(Sirsi) u88328
041 _aeng
245 _aPFI `huge savings`
260 _c1998
350 _a0
490 _aHousing Today
_v(99) 3 September 1998, 1(1)
520 _aThe PFI could offer savings of 15 per cent compared to conventional development costs, according to computer projections by construction company John Doyle.
650 _aCOST COMPARISON
650 _aCOST SAVINGS
650 _aCOSTS
650 _aDEVELOPMENT COSTS
650 _aJOHN DOYLE
650 _aPFI
650 _aPRIVATE FINANCE INITIATIVE
650 _aPROJECTIONS
690 _aPROPERTY-PROPERTY FINANCE AND INVESTMENT
942 _n0
948 _c07/09/1998
999 _c55789
_d55789